| 000 | 01555nam a2200421 i 4500 | ||
|---|---|---|---|
| 001 | 39567 | ||
| 003 | KOSZ 005 | ||
| 005 | 20210917135516.0 | ||
| 008 | 011010s2001 pl f |000 0 pol d | ||
| 020 | _a8390765985 | ||
| 040 |
_cKOSZ 005 _aKOSZ 005 _dKOSZ 005/HR |
||
| 046 | _k2001 | ||
| 080 | _a338.48 | ||
| 080 | _a(07) | ||
| 245 | 1 | 0 |
_aKompendium pilota wycieczek : _bpraca zbiorowa / _c[aut. Wiesław Alejziak et al.] ; pod red. Zygmunta Kruczka. |
| 250 | _aWyd.2. | ||
| 260 |
_aKraków : _bProksenia, _c2001. |
||
| 300 |
_a256 s. : _brys. ; _c24 cm. |
||
| 336 |
_2rdacontent _aTekst _btxt |
||
| 337 |
_2rdamedia _aBez urządzenia pośredniczącego _bn |
||
| 338 |
_2rdacarrier _aWolumin _bnc |
||
| 380 | _aKsiążki | ||
| 380 | _aPublikcje dydaktyczne | ||
| 380 | _aPublikacje fachowe | ||
| 385 |
_mPoziom nauczania _aTechnikum |
||
| 385 | _aPiloci wycieczek | ||
| 388 | _a2001- | ||
| 521 | _aPodręcznik zalecany dla słuchaczy Policealnych Studiów Obsługi Ruchu Turystycznego oraz uczestników kursów pilotów wycieczek. | ||
| 650 | 7 | _aPiloci wycieczek | |
| 650 | 7 | _aPrzewodnictwo turystyczne | |
| 655 | 7 | _aKompendia i repetytoria | |
| 658 | _aPodróże i turystyka | ||
| 700 | 1 |
_aAlejziak, Wiesław _eAutor _d(1960- ) |
|
| 700 | 1 |
_aKruczek, Zygmunt _eAutor _eRedakcja |
|
| 710 | 2 | _aFirma Konsultingowo-Usługowa "Proksenia", Zygmunt Kruczek | |
| 856 |
_uhttp://koha.tu.koszalin.pl/cgi-bin/koha/opac-detail.pl?biblionumber=39567 _yKatalog online BPK |
||
| 942 |
_cKS _2UKD |
||
| 999 |
_c39567 _d39567 |
||